000 00533nam a22001817a 4500
005 20171223151619.0
010 _aENG-121965
020 _a9788189941024
_c200.00
035 _aEN-105497
037 _bDBAD/PUB
082 _a571.86
100 _aArumugam, N.
245 _aEmbryology /
_c by N. Arumugam
260 _aKanyakumari
_bSaras
_c2013
270 _a114/35G,A.R.P. Camp Road ,Perivali, Kottar P.O.,Nagercoil,
_bKanyakumari
_e629002
300 _axiv,616p.
_c225cm(Hb)
942 _2ddc
_cEN
_h571.86
_mARU
999 _c148392
_d148392